Sports Quiz

Random Sports Quiz

Athlete Reebus Quiz Stats

 Plays Quiz not verified by Sporcle

Challenge
Share
Tweet
Embed
Score 0/8 Timer 05:00
0 Plays Today
Clues Athlete % Correct
Food does this when it gets old+opposite of more+something you get at McDonalds a lotBen Roethlisberger
78.9%
A receiver on the colts+opposite of wrongAdam Wainwright
64.9%
Something you wipe your feet on when you come home+something a snake does to scare things.Robert Mathis
59.6%
Opposite of cleanLionel Messi
38.6%
Something that you put in the fire+A part of the bodyDanny Woodhead
26.3%
To purchase an item+a small animalKobe Bryant
12.3%
Sneaky in a different word form+to ___ someone to do something riskyWesley Sneijder
5.3%
The plural form for a slithery small animalTerrell Suggs
5.3%

You're not logged in!

Compare scores with friends on all Sporcle quizzes.
Join for Free
OR
Log In

You Might Also Like...

Show Comments

Extras

Created Feb 16, 2011ReportFavoriteNominate
Tags:Athletes, reed

Top Quizzes Today


Score Distribution

Your Account Isn't Verified!

In order to create a playlist on Sporcle, you need to verify the email address you used during registration. Go to your Sporcle Settings to finish the process.

Report this User

Report this user for behavior that violates our Community Guidelines.

Details: